|
|
|
|
| LEADER |
01114pam a22002658a 4500 |
| 001 |
00017602 |
| 008 |
110421s1985 ||||||Viesd |
| 005 |
20171026081022.0 |
| 041 |
0 |
# |
|a Vie
|
| 082 |
1 |
4 |
|a 530
|b L527TH
|
| 100 |
0 |
# |
|a Trần Thị Ngọc
|
| 245 |
0 |
0 |
|a Luyện thi đại học và cao đẳng môn vật lý.
|c Trần thị Ngọc, Phạm Phan Hàm, Nguyễn Thế Khải
|b ( Quang học - Dao động cơ học - Dòng điện một chiều - Dòng điện xoay chiều )
|
| 260 |
# |
# |
|a Tp. HCM
|b Trường CĐSP TP.HCM
|c 1985
|
| 300 |
# |
# |
|a 239 tr.
|b Hình vẽ
|c 21 cm.
|
| 653 |
# |
# |
|a Dao dộng
|
| 653 |
# |
# |
|a Luyện thi đại học cao đẳng
|
| 653 |
# |
# |
|a Vật lý
|
| 653 |
# |
# |
|a Quang học
|
| 653 |
# |
# |
|a Lý thuyết và bài tập
|
| 700 |
0 |
# |
|a Phạm Phan Hàm
|e Nguyễn Thế Khải
|
| 852 |
# |
# |
|j KM.0006418
|j KD.0003035
|j KM.0006421
|
| 852 |
# |
# |
|b Kho đọc
|j KD.0003035
|
| 852 |
# |
# |
|b Kho mượn
|j KM.0006418, KM.0006421
|
| 910 |
|
|
|d 21/04/2011
|
| 980 |
# |
# |
|a Trung tâm Học liệu Lê Vũ Hùng, Trường Đại học Đồng Tháp
|